|
|
|
|
| LEADER |
00000nam a22000007a 4500 |
| 005 |
20171011162556.0 |
| 007 |
cr|||| |||| |
| 008 |
171011c20179999cr |||||s|||| 00||0 spa d |
| 035 |
|
|
|a 20733
|
| 040 |
|
|
|a vLex
|
| 090 |
|
|
|c 7121
|d 7121
|
| 245 |
0 |
0 |
|a Estudios de Derecho Pb︢lico
|h [Recurso electrn̤ico]
|
| 256 |
|
|
|a Servicio en ln̕ea
|
| 260 |
|
|
|c 2017 -
|
| 300 |
|
|
|a 1 recurso electrn̤ico
|
| 362 |
|
|
|a Nm︢. 1 (2017) -
|
| 506 |
1 |
|
|a Disponible solo en los productos indicados
|d vLex Global
|d vLex Global (Academic Edition, excluding Law Schools)
|d vLex Global (U.S. Academic Edition, Law Schools)
|d vLex Global (U.S. Academic Edition, excluding Law Schools)
|d vLex Global (Academic Edition, Law Schools)
|
| 650 |
0 |
4 |
|a Derecho pb︢lico
|z Costa Rica
|
| 650 |
0 |
4 |
|a Derecho administrativo
|z Costa Rica
|
| 650 |
0 |
4 |
|a Derecho constitucional
|z Costa Rica
|
| 740 |
0 |
|
|a vLex Revistas (Servicio en ln̕ea)
|
| 856 |
4 |
0 |
|u http://vlex.com/source/temas-derecho-constitucional-administrativo-costa-rica-20733
|z Acceso restringido
|
| 942 |
|
|
|c REV
|
| 999 |
0 |
|
|a Public law
|
| 999 |
0 |
|
|a Administrative law
|
| 999 |
0 |
|
|a Constitutional law
|